000 01389nam a22003857a 4500
003 CHAP
005 20220329141242.0
008 971010s1987 r 00010 d
010 _a65169
011 _a66141
035 _a74132
040 _cCHAP
090 _aTesis
100 0 0 _aCortés Torres, Héctor Gregorio.
_928403
245 _aAnálisis de la distribución estadística de las intensidades de lluvia en el área de estudio del CREZAS-CP
260 _aChapingo, Méx. :
_bEl autor,
_c1987
300 _a128 h.
_b; gráfs.
500 _a/
502 _aTesis (Ing. Agr. Esp. en Irrigación) -- UACH. Departamento de Irrigación
590 _aALEPH
_b10
_c20130110
_lUCH01
_h1354
590 _aBATCH-UPD
_b10
_c20130110
_lUCH01
_h0406
590 _aBATCH-UPD
_b10
_c20130110
_lUCH01
_h2258
590 _aBATCH-UPD
_b10
_c20130410
_lUCH01
_h0039
590 _aBATCH-UPD
_b10
_c20130410
_lUCH01
_h1551
590 _aBATCH-UPD
_b10
_c20130914
_lUCH01
_h1728
590 _aCONVERSION
_b10
_c20130109
_lUCH01
_h1336
650 1 4 _aLluvia
_xSan Luis Potosí.
_967338
901 _aBK
942 _cFOLL
949 _bBC
_cTES
_d-145886
_eTS1
_h19452
_i74132
_si
949 _bBC
_cTES
_d-145887
_eTS2
_fc.2
_h19453
_i74132
_si
949 _bBC
_cTES
_d33724000634473
_eTS2
_fc.3
_h31112
_i74132
_si
949 _bI
_cTESBD
_d-62147
_eTS2
_fc.2
_h181
_i74132
_si
949 _bI
_cTESBD
_d-6984
_eTS1
_h180
_i74132
_si
999 _c65169
_d65169